000 00329nam a22001457a 4500
999 _c8816
_d8816
003 OSt
008 200711b ||||| |||| 00| 0 eng d
100 _aGokhale
245 _aComprehensive Practical Pharmacognosy
250 _a2018
260 _aNew Delhi
_bNirali
300 _ai.9
650 _aPharmacognosy
942 _2ddc
_cBK